00602cam a22002052 4500001001100000005001700011008004100028020001500069040001500084050002200099100003300121245008300154250001200237260003000249300002600279650002700305700003000332700003100362852000300393000001312320151217145900.0090610s xx 000 0 eng d a0534493661 aKABUcKABU 0aQD31.2b.O98 20081 aOxtoby, David W.@000015409510aPrinciples of modern chemistry /cDavid W. Oxtoby, H. P. Gillis, Alan Campion. a6th ed. aLondon :bThomson,c2008. a1 v. (various paging) 0aChemistry.@00001482021 aGillis, H. P.@00001540961 aCampion, Alan.@00001702491